[Sacred vocal music.

Contains primarily works by G. Arnold and J. C. Horn.

Saved in:
Bibliographic Details
Corporate Author: Sächsische Landesbibliothek (Dresden, Germany).
Format: Musical Score
Language:Latin
Published: ca. 1670-1685]
Subjects:
Tags: Add Tag
No Tags, Be the first to tag this record!
LEADER 00612ndm a2200217 4500
001 007768579-2
005 20020606104010.5
008 980420q16701685xx zzz| a nn| lat d
035 0 |a ocm39263913 
040 |a MH-Mu  |c MH-Mu 
041 0 |a latger 
110 2 |a Sächsische Landesbibliothek (Dresden, Germany).  |k Manuscript.  |n Pirna 51. 
245 0 0 |a [Sacred vocal music. 
260 |c ca. 1670-1685] 
300 |a 1 ms. part. 
520 |a Contains primarily works by G. Arnold and J. C. Horn. 
500 |a Bassus part. 
650 0 |a Sacred vocal music. 
650 0 |a Music  |x Manuscripts. 
988 |a 20020608 
906 |0 MH